01095nam a22002417a 4500001000500000005001700005008004100022020001800063040002900081082001100110100001900121245008800140250003500228260002800263300005600291505000600347520027900353521002700632521001800659942001500677999001500692952014600707134420230818095336.0230818b cb ||||| |||| 00| 0 eng d a9781407503479 aFISKHbengcFISKHdFISKH a823.92 aHarker, Julian aOakey's perfect daycWritten by Killian Harker, Illustrated by Andy Everitt-Stewart aThis edition published in 2007 aBath :bParragon,c2006 a25 unnumbered pages :bcolor illustrations ;c20 cm aF a"Oakey goes exploring, making some new friends along the way. But when he gets lost in the big, wide world, who will help Oakey? Luckily Duck, Pig, and Horse come to the rescue and lead him safely back home. Oakey's exciting day has been ... just perfect!"--P. [4] of cover. a300 bLexile estimate aF bRaz-Plus 2ddccBKn0 c1344d1344 00102ddc40708JUVFa001b001cTK Green 7-57-60d2023-08-18l3oHAR 823.92 PZ7pFISBK05414r2026-02-10 10:33:02s2026-02-03w2023-08-18yBK